Statistiques concernant Pays d'origine des touristes à Macao

Cliquez ici pour prendre le quiz!

Statistiques générales

  • Ce quiz a été pris 64 fois
  • Le résultat moyen est 12 sur 14

Statistiques - réponses

Nombre de touristesPays% Correct
20 454 104Chine
100%
300 613Japon
98%
662 321Corée du Sud
97%
190 885Etats-Unis
93%
182 467Indonésie
93%
165 278Inde
92%
93 286Australie
90%
236 169Thaïlande
90%
1 074 525Taïwan
88%
75 173Canada
86%
61 301Royaume Uni
81%
155 763Singapour
81%
222 809Malaisie
80%
287 025Philippines
76%

Distribution des résultats

Percentile par nombre de réponses

% des personnes avec chaque résultat

Votre développement - résultats

Vous n’avez pas pris ce quiz